00321nam a2200133Ia 45000030006000000080041000060400015000471000021000622450034000832600037001173000006001545460010001600050017001700STCL150530s9999 xx 000 0 und d aSTCLcSTCL aBadrinath Kapoor aAngresi Hindi Paryavachi Kosh bRaj Kamal Prakashan; Delhic1965 a0 aHindi20220125171331.0